Liêu Trai Chí Dị Truyền thuyết Trung Hoa

Zapisane w:
Opis bibliograficzny
1. autor: Bồ Tùng Linh
Format: Książka
Język:Vietnamese
Wydane: Thanh Hoá Thanh Hoá 2005
Hasła przedmiotowe:
Etykiety: Dodaj etykietę
Nie ma etykietki, Dołącz pierwszą etykiete!
Thư viện lưu trữ: Mạng thư viện Đại học Đà Nẵng
LEADER 00983nam a2200301 4500
001 000004964
003 1106
005 20120411090443.0
008 110805s2005 viesd
041 0 |a vie 
082 |a 895.1  |b BO-L 
100 0 |a Bồ Tùng Linh 
245 0 |a Liêu Trai Chí Dị  |b Truyền thuyết Trung Hoa  |c Nguyên tác: Bồ Tùng Linh 
260 |a Thanh Hoá  |b Thanh Hoá  |c 2005 
300 |a 636 tr.  |c 21 cm 
653 |a tiểu thuyết 
653 |a văn học Trung Quốc 
910 |a Minh  |d 05/08/2011 
OWN |a LSP 
AVA |a UDN50  |b LSP  |d 895.1 BO-L  |e available  |t Error 5001 Not defined in file expand_doc_bib_avail.  |f 4  |g 0  |h N  |i 0  |k 1 
999 |a From the UDN01 
AVA |a UDN50  |b LSP  |d 895.1 BO-L  |e available  |t Error 5001 Not defined in file expand_doc_bib_avail.  |f 4  |g 0  |h N  |i 0  |k 1 
TYP |a Monograph 
TYP |a Printed language 
980 |a Mạng thư viện Đại học Đà Nẵng